00360 a2200109 4500001001000000005001700010008004100027245006900068100002800137773006800165999001700233ART_1882020260410161920.0260409a 10aSituación jurídica del trabajador extranjero en la Argentina1 aCapon Filas, Rodolfo E.0 tLa informacióng- Tomo XXXVIII, Nº 584 (ago. 1978)wREV14902 c27639d27639